[Event "GBR-ch U1900 106th"]
[Site "Torquay"]
[Date "2019.08.01"]
[Round "4"]
[White "Farrar, Gordon"]
[Black "Worrall, Martin C"]
[Result "0-1"]
[WhiteElo "1752"]
[BlackElo "1606"]
[PlyCount "27"]
[EventDate "2019.07.29"]
[EventType "swiss"]
[EventRounds "7"]
[EventCountry "ENG"]
[SourceTitle "EXT 2025"]
[Source "ChessBase"]
[SourceDate "2024.10.14"]
[SourceVersion "1"]
[SourceVersionDate "2024.10.14"]
[SourceQuality "1"]

1. d4 d5 2. Nc3 Nf6 3. Bf4 c5 4. e3 c4 5. e4 Qa5 6. exd5 Nxd5 7. Bd2 Nxc3 8. Bxc3 Qd5 9. Qf3 Be6 10. 0-0-0 g6 11. Qxd5 Bxd5 12. Nh3 Nc6 13. Nf4 Bh6 14. g3 0-1

[Event "GBR-ch Soanes op 106th"]
[Site "Torquay"]
[Date "2019.07.27"]
[Round "2"]
[White "Reyes, Craig1"]
[Black "Worrall, Martin C"]
[Result "0-1"]
[WhiteElo "1256"]
[BlackElo "1606"]
[PlyCount "74"]
[EventDate "2019.07.26"]
[EventType "swiss"]
[EventRounds "5"]
[EventCountry "ENG"]
[SourceTitle "EXT 2021"]
[Source "ChessBase"]
[SourceDate "2020.10.23"]
[SourceVersion "1"]
[SourceVersionDate "2020.10.23"]
[SourceQuality "1"]

1. f4 d5 2. Nf3 Nf6 3. e3 e6 4. b3 Be7 5. Be2 c5 6. 0-0 0-0 7. Bb2 b6 8. Qe1 Nc6 9. d3 Ng4 10. Qg3 Bf6 11. Ne5 Ngxe5 12. fxe5 Bg5 13. Nd2 d4 14. Ne4 Bxe3+ 15. Kh1 Nb4 16. Nf6+ Kh8 17. Nh5 Qg5 18. Qf3 Rb8 19. c3 Nc2 20. Rab1 Bb7 21. Qg4 Rbd8 22. Bf3 Qxg4 23. Bxg4 dxc3 24. Bxc3 Rxd3 25. Bb2 Rd2 26. Bf3 Bxf3 27. Rxf3 Bd4 28. Bc3 Bxc3 29. Rxc3 Rfd8 30. h3 Nd4 31. Rf1 Nf5 32. a4 Rd1 33. Rcf3 Rxf1+ 34. Rxf1 g6 35. Nf6 Ng3+ 36. Kg1 Nxf1 37. Kxf1 Rd3 0-1

[Event "BCF-ch U160"]
[Site "Coventry"]
[Date "2015.08.05"]
[Round "3"]
[White "Worrall, Martin C"]
[Black "Brown, Geoffrey M"]
[Result "1/2-1/2"]
[WhiteElo "151"]
[BlackElo "136"]
[PlyCount "171"]
[EventDate "2015.08.03"]
[EventType "swiss"]
[EventRounds "5"]
[EventCountry "ENG"]
[SourceTitle "CBM 167 Extra"]
[Source "ChessBase"]
[SourceDate "2015.09.14"]
[SourceVersion "1"]
[SourceVersionDate "2015.09.14"]
[SourceQuality "1"]

1. e4 Nc6 2. Nf3 e5 3. Bb5 Nd4 4. Nxd4 exd4 5. Qf3 Qf6 6. Qxf6 Nxf6 7. d3 c6 8. Bc4 d5 9. exd5 cxd5 10. Bb3 Be6 11. 0-0 g6 12. Ba4+ Nd7 13. Bg5 Bg7 14. Re1 h6 15. Bf4 a6 16. Bb3 0-0 17. Nd2 Rac8 18. Bd6 Rfe8 19. Nf3 Rc6 20. Be5 Nxe5 21. Nxe5 Rc7 22. Nf3 Rec8 23. Nh4 g5 24. Nf3 Bf6 25. h3 Kg7 26. Ne5 h5 27. Re2 b5 28. a4 b4 29. Rf1 Rc5 30. f4 gxf4 31. Rxf4 Bg5 32. Rxd4 Rxc2 33. Rxc2 Rxc2 34. Bxc2 Be3+ 35. Kf1 Bxd4 36. Nc6 Bxb2 37. Nxb4 a5 38. Nc6 Bc3 39. Ke2 Kf6 40. Ke3 Kg5 41. d4 Kh4 42. Bd1 f6 43. Ne7 Bb4 44. Ng6+ Kg5 45. Nf4 Bf7 46. g3 h4 47. gxh4+ Kxh4 48. Bb3 Bd6 49. Kf3 Bxf4 50. Kxf4 Be6 51. Bc2 Bxh3 52. Bf5 Bg2 53. Be6 Be4 54. Bf5 Bxf5 55. Kxf5 Kg3 56. Ke6 Kg4 57. Kxd5 f5 58. Kc5 f4 59. d5 f3 60. d6 f2 61. d7 f1Q 62. d8Q Qc1+ 63. Kb5 Qb2+ 64. Ka6 Qc3 65. Qd7+ Kf4 66. Qd6+ Ke4 67. Qg6+ Kf4 68. Qh6+ Kg4 69. Qe6+ Kf4 70. Qd5 Kg4 71. Qxa5 Qc8+ 72. Ka7 Qd7+ 73. Kb8 Qe8+ 74. Kc7 Qe7+ 75. Kc6 Qe6+ 76. Kc5 Qe5+ 77. Kb4 Qd4+ 78. Kb3 Qd1+ 79. Kb2 Qe2+ 80. Kc1 Qc4+ 81. Kb2 Qe2+ 82. Kb3 Qd1+ 83. Kc4 Qe2+ 84. Kd5 Qf3+ 85. Ke6 Qc6+ 86. Ke7 1/2-1/2

[Event "BCF-ch U160"]
[Site "Coventry"]
[Date "2015.08.03"]
[Round "1"]
[White "Worrall, Martin C"]
[Black "Pride, Stephen C"]
[Result "1/2-1/2"]
[WhiteElo "151"]
[BlackElo "1655"]
[PlyCount "110"]
[EventDate "2015.08.03"]
[EventType "swiss"]
[EventRounds "5"]
[EventCountry "ENG"]
[SourceTitle "CBM 167 Extra"]
[Source "ChessBase"]
[SourceDate "2015.09.14"]
[SourceVersion "1"]
[SourceVersionDate "2015.09.14"]
[SourceQuality "1"]

1. e4 d6 2. d4 Nf6 3. Nc3 e5 4. f4 exd4 5. Qxd4 Nc6 6. Bb5 Be7 7. Nf3 0-0 8. Qd3 a6 9. Bxc6 bxc6 10. Bd2 a5 11. Qc4 Qd7 12. 0-0-0 Ba6 13. Qa4 Rfb8 14. a3 Qc8 15. Qxc6 Rb6 16. Nd5 Nxd5 17. Qxd5 Rb5 18. Qd4 c5 19. Qd5 Rab8 20. Bc3 Bb7 21. Qh5 Bxe4 22. Ng5 Bg6 23. Qe2 Qb7 24. Rhe1 Rxb2 25. Ne4 Rb1+ 26. Kd2 Rxd1+ 27. Kxd1 Bxe4 28. Qxe4 Qxe4 29. Rxe4 Kf8 30. Bxa5 Ra8 31. Bc3 Rxa3 32. Bxg7+ Kxg7 33. Rxe7 Ra4 34. g3 Ra1+ 35. Kd2 Rh1 36. Re2 Kf6 37. Ke3 h5 38. Kf3 Rc1 39. Rd2 Ke6 40. g4 hxg4+ 41. Kxg4 Rg1+ 42. Kf3 Rg7 43. c4 Rg8 44. h4 Rg1 45. Rh2 Rf1+ 46. Ke3 Kf6 47. h5 Kg7 48. Ke4 Rc1 49. Kd5 Rd1+ 50. Ke4 Rd4+ 51. Kf5 Rxc4 52. h6+ Kh7 53. Kg5 f6+ 54. Kf5 d5 55. Rg2 Re4 1/2-1/2